|
|
|
|
| LEADER |
00892nam a2200301 4500 |
| 001 |
DLU030000018 |
| 005 |
##20021230 |
| 008 |
##021230t vn z000 vie d |
| 040 |
# |
# |
|a DLU
|b vie
|
| 041 |
# |
# |
|a vie
|
| 044 |
# |
# |
|a vn
|
| 082 |
# |
# |
|a 658.8
|b BO-H
|
| 100 |
# |
# |
|a Boyd, Harper W.
|
| 245 |
# |
# |
|a Instructor's manual to accompany Marketing management :
|b a strategic approach with a global orientation /
|c Harper W. Boyd, Orville C. Walker, Jean-Claude Larréché
|
| 250 |
# |
# |
|a 3rd ed
|
| 260 |
# |
# |
|a Boston, Mass. :
|b McGraw-Hill,
|c 1998
|
| 300 |
# |
# |
|a v, 196, [100] tr. ;
|c 28 cm + 1 disk 3.50"+1 floppy disk
|
| 700 |
# |
# |
|a Larréché, Jean-Claude
|
| 700 |
# |
# |
|a Walker, Orville C.
|
| 992 |
# |
# |
|a 12000
|
| 994 |
# |
# |
|a DLU
|
| 900 |
# |
# |
|a True
|
| 911 |
# |
# |
|a Thái Thị Thanh Thủy
|
| 925 |
# |
# |
|a G
|
| 926 |
# |
# |
|a A
|
| 927 |
# |
# |
|a SH
|
| 980 |
# |
# |
|a Thư viện Trường Đại học Đà Lạt
|